[Event "POL-chT Ekstraliga 2018"]
[Site "Gorzow"]
[Date "2018.06.10"]
[Round "3"]
[White "Nurkiewicz, Maciej"]
[Black "Tazbir, Marcin"]
[Result "0-1"]
[WhiteElo "2370"]
[BlackElo "2525"]
[Annotator "TA"]
[PlyCount "138"]
[EventDate "2018.06.08"]
[EventType "team-tourn"]
[EventCountry "POL"]
[SourceTitle "playchess.com"]
[Source "ChessBase"]
[SourceQuality "1"]

{[%evp 23,138,42,42,39,44,38,36,29,29,37,71,72,73,79,76,76,81,75,71,79,77,60,74,65,74,58,63,63,66,62,72,0,0,0,0,0,0,0,0,0,0,0,0,0,0,0,8,-24,-15,-48,-49,-75,-40,-42,-33,-55,-55,-71,-71,-71,-48,-106,-84,-89,-87,-113,-113,-113,-113,-113,-113,-120,-106,-156,-156,-155,-155,-213,-208,-294,-213,-202,-183,-202,-200,-187,-185,-181,-155,-140,-88,-296,-161,-154,-142,-423,-423,-423,-423,-536,-536,-534,-500,-6542,-6542,-6542,-6542,-29976,-29978,-29977,-29979,-29978,-29978,-29982,-29983,-29982,-29976]} 1. e4 c5 2. Nf3 d6 3. d4 cxd4 4. Nxd4 Nf6 5. Nc3 a6 6. g3 g6 7. Bg2 Bg7 8. O-O O-O 9. b3 Bg4 {B91: Sizilianisch (Najdorf-Variante mit 6.g3)} (9... Bd7 10. Bb2 Nc6 11. Nd5 Re8 12. c4 Nxd5 13. exd5 Nxd4 14. Bxd4 b5 15. Bxg7 Kxg7 16. Qd4+ Kg8 17. Rfc1 {½-½ (32) Nakamura,H (2781)-Nepomniachtchi,I (2729) London 2017}) 10. Qd2 Nc6 11. Nxc6 bxc6 12. Bb2 Qa5 {LiveBook: 3 Partien} 13. f3 $146 ({Vorgänger:} 13. h3 Be6 14. Rad1 Rfd8 15. Na4 Qxd2 16. Rxd2 Nd7 17. Ba3 {½-½ (75) Landa,K (2596)-Shneider,A (2532) Cappelle-la-Grande 2007}) 13... Be6 14. Rf2 Rfd8 15. Na4 Qxd2 16. Rxd2 Bh6 17. f4 Nd7 18. c4 Rac8 19. Rad1 Bg4 20. Rf1 f6 21. h3 Be6 22. Rd3 Bg7 23. g4 c5 24. Kh2 Rf8 25. Re1 Bf7 26. h4 Rb8 27. Kg3 (27. Rd2 $16) 27... g5 $11 28. Bc1 gxf4+ 29. Bxf4 h5 30. Bh3 hxg4 31. Bxg4 Ne5 32. Bxe5 fxe5 33. Nc3 Bh6 34. Kh3 Kh8 35. Bf5 Rg8 36. Ne2 a5 $36 {[%cal Ba6a5,Ba5a4][%mdl 2080] Schwarz hat Initiative.} 37. Rg1 a4 38. Rxg8+ Rxg8 39. Rg3 Ra8 40. Bg4 axb3 41. axb3 Ra2 42. Rd3 (42. Rf3 $1 $15 Bg6 43. Ng3) 42... Bg6 43. Ng3 Bf4 {zielt auf ...Lxe4! ab.} 44. Bf3 Bxg3 45. Kxg3 $17 {[%mdl 4096] Endspiel KTL-KTL} Kg7 46. Re3 Kh6 47. Bg4 Rd2 48. Be6 Rd4 49. Bd5 Kh5 50. Kf3 (50. Kh3 $17 {war angesagt.}) 50... Kxh4 $19 51. b4 (51. Rc3 $142) 51... cxb4 52. Rb3 {[#]} e6 $1 {[%cal Re6d5]} 53. Bxe6 Bxe4+ ({Keinesfalls} 53... Rxe4 54. Rxb4 Rf4+ 55. Ke3 $17) 54. Ke3 Bg6 55. Rxb4 {[#]} Rd3+ $1 56. Kf2 {[#]} e4 ({Lieber} 56... Kg5 $1 57. Rb8 e4) 57. Rb1 $2 (57. c5 $17) 57... Kg5 (57... Rf3+ $142 58. Ke1 Kg3) 58. Rg1+ Kf6 59. Bd5 $2 {[%mdl 8192]} (59. Bg4 $17 {ist wohl besser.}) 59... Bf5 60. Rg8 {beabsichtigt Te8.} Ke5 61. Rh8 Rf3+ 62. Ke2 Ra3 63. Rh5 (63. Rg8 $142 e3 64. Kf3) 63... Kf4 {( -> ...Lg4+)} 64. Rh4+ Bg4+ 65. Kd2 e3+ {[%cal Be4e3,Be3e2][%mdl 32] Schwarz setzt Matt.} 66. Kc2 e2 67. Rh1 Ke3 68. Rg1 Kf2 69. Rg2+ Kf1 {Precision: Weiß = 45%, Schwarz = 74%.} 0-1

[Event "POL-chT Ekstraliga 2018"]
[Site "Gorzow"]
[Date "2018.06.10"]
[Round "3"]
[White "Nurkiewicz, Maciej"]
[Black "Tazbir, Marcin"]
[Result "*"]
[WhiteElo "2370"]
[BlackElo "2525"]
[Annotator "TA"]
[PlyCount "31"]
[EventDate "2018.06.08"]
[EventType "team-tourn"]
[EventCountry "POL"]
[SourceTitle "playchess.com"]
[Source "ChessBase"]
[SourceQuality "1"]

{[%evp 9,10,27,18]} 1. e4 c5 2. Nf3 d6 3. d4 cxd4 4. Nxd4 Nf6 5. Nc3 a6 {Vorgänger:} 6. Bg5 $146 Nbd7 7. Bc4 h6 8. Bh4 g6 9. Qe2 Bg7 10. O-O-O O-O 11. Bb3 Qc7 12. Kb1 Rb8 13. f4 e5 14. fxe5 dxe5 15. Nf3 b5 16. g4 {1-0 (61) Nepomniachtchi,I (2751)-Korobov,A (2678) Poikovsky 2018} *

[Event "POL-chT Ekstraliga 2018"]
[Site "Gorzow"]
[Date "2018.06.10"]
[Round "3"]
[White "Paszewski, Mateusz"]
[Black "Socko, Bartosz"]
[Result "0-1"]
[WhiteElo "2322"]
[BlackElo "2588"]
[Annotator "TA"]
[PlyCount "36"]
[EventDate "2018.06.08"]
[EventType "team-tourn"]
[EventCountry "POL"]
[SourceTitle "playchess.com"]
[Source "ChessBase"]
[SourceQuality "1"]

{[%evp 22,36,19,10,14,0,0,0,-11,0,1,-379,-364,-379,-388,-502,-488]} 1. c4 e5 2. g3 Nc6 3. Nc3 g6 4. Bg2 Bg7 5. e4 d6 6. d3 f5 7. Nge2 Nf6 8. O-O O-O 9. h3 Be6 10. exf5 {A26: Englische Eröffnung (Sizilianisch im Anzug)} gxf5 11. f4 Qd7 12. Be3 {LiveBook: 3 Partien. Die Stellung ist ausgeglichen.} Rae8 13. Qd2 e4 $146 {und nun wäre ...exd3 stark für Schwarz.} ({Vorgänger:} 13... Kh8 14. Rad1 Rg8 15. b3 Nh5 16. Bf2 exf4 17. gxf4 Bf6 {½-½ (45) Webster,A (2401)-Thipsay,P (2475) Kolkata 2000}) 14. b3 exd3 15. Qxd3 Ne4 {Droht stark ...Sb4.} 16. Bd4 $2 {[%mdl 8192]} (16. Rac1 $11 {und Weiss ist OK.}) 16... Nxd4 $19 17. Nxd4 {[#]} Nxc3 $1 18. Qxc3 c5 0-1

[Event "POL-chT Ekstraliga 2018"]
[Site "Gorzow"]
[Date "2018.06.10"]
[Round "3"]
[White "Paszewski, Mateusz"]
[Black "Socko, Bartosz"]
[Result "*"]
[WhiteElo "2322"]
[BlackElo "2588"]
[Annotator "TA"]
[PlyCount "31"]
[EventDate "2018.06.08"]
[EventType "team-tourn"]
[EventCountry "POL"]
[SourceTitle "playchess.com"]
[Source "ChessBase"]
[SourceQuality "1"]

{[%evp 9,11,0,8,8]} 1. c4 e5 2. g3 Nc6 3. Nc3 g6 4. Bg2 Bg7 5. e4 d6 6. d3 {A25: English Opening vs King's Indian with ...Nc6 but without early d3} {Predecessor:} f5 $146 7. Nge2 Nf6 8. h3 O-O 9. Be3 f4 10. gxf4 Nh5 11. Qd2 Nd4 12. fxe5 dxe5 13. O-O-O Be6 14. f4 exf4 15. Nxf4 Nxf4 16. Bxf4 {½-½ (30) Ramirez,A (2550)-Li,R (2574) Saint Louis 2017} *

[Event "POL-chT Ekstraliga 2018"]
[Site "Gorzow"]
[Date "2018.06.10"]
[Round "3"]
[White "Sliwicka, Alicja"]
[Black "Warakomska, Anna"]
[Result "0-1"]
[WhiteElo "2274"]
[BlackElo "2349"]
[Annotator "TA"]
[PlyCount "112"]
[EventDate "2018.06.08"]
[EventType "team-tourn"]
[EventCountry "POL"]
[SourceTitle "playchess.com"]
[Source "ChessBase"]
[SourceQuality "1"]

{[%evp 23,112,0,-7,-50,-55,-65,-62,-75,-60,-47,-40,-41,-32,-50,-24,-81,-44,-52,-42,-43,-25,-89,0,-127,-83,-122,-113,-128,-125,-144,-128,-148,-146,-175,-181,-180,-167,-169,-150,-173,-199,-191,-187,-574,-589,-562,-551,-621,-552,-517,-500,-649,-637,-925,-963,-925,-656,-975,-916,-797,-787,-1479,-1290,-1434,-1337,-1691,-1795,-1150,-1040,-1516,-1456,-1909,-1783,-1386,-1237,-29972,-29972,-29972,-29973,-29969,-29968,-29981,-29982,-29982,-29982,-29984,-29985,-29984,-29983,-29983,-29983]} 1. e4 e5 2. Nf3 Nc6 3. d4 exd4 4. Nxd4 Nf6 5. Nxc6 bxc6 6. e5 Qe7 7. Qe2 Nd5 8. c4 Nb6 9. Nc3 Ba6 {C45: Scotch Game} 10. b3 O-O-O 11. Bb2 Re8 12. O-O-O (12. f4 f6 13. O-O-O fxe5 14. Qxe5 Qxe5 15. fxe5 Rxe5 16. Bd3 Re3 17. Rhf1 {0-1 (24) Nepomniachtchi,I (2751)-Karjakin,S (2783) chess.com INT 2017}) 12... Qxe5 {LiveBook: 3 Games} 13. Qd2 {[#] And now c5! would win.} Qa5 $146 ({Predecessor:} 13... Bb4 14. c5 Bxf1 15. cxb6 Bxg2 16. Qxd7+ Kb7 17. bxc7 {0-1 (30) Halvax,G (2381)-Mesaros,F (2321) Austria 2016}) 14. Bd3 Ba3 15. Rhe1 Kb8 16. Kb1 Bxb2 17. Kxb2 Bc8 18. Qf4 Qc5 19. Bc2 (19. Rxe8 $11 {keeps the balance.} Rxe8 20. Bxh7) 19... d5 20. Rxe8 Rxe8 21. cxd5 cxd5 22. Rd4 (22. b4 $11 Qc6 23. Bb3) 22... Ba6 (22... Be6 $17) 23. Qd2 (23. b4 $11 Qe7 24. Nxd5 Nxd5 25. Rxd5) 23... Kb7 24. Bd1 c6 {[%cal Bc7c6,Bc6c5][%mdl 32]} 25. Bc2 Qe7 26. a4 c5 27. Rg4 {[#]} d4 $1 {[%cal Rd4c3]} 28. Nb5 {Threatens to win with Re4.} Bxb5 29. axb5 Qe2 30. Qxe2 Rxe2 $19 {[%mdl 4096] Endgame KRB-KRN} 31. Kc1 g6 ({But not} 31... Rxf2 32. Be4+ Kb8 33. Rxg7 $17) 32. Rf4 f5 {[%cal Bf7f5,Bf5g4][%mdl 32] Strongly threatening ...Nd5.} 33. g4 $2 (33. Bd3 {is tougher.} Re1+ 34. Kc2) 33... Nd5 34. Rf3 Nb4 35. Bb1 fxg4 36. Rf7+ Kb6 37. Rxh7 d3 38. Rd7 Rxf2 39. Bxd3 Nxd3+ 40. Rxd3 Rxh2 {KR-KR} 41. Rg3 Rh4 42. Kc2 Kxb5 43. Rg2 Kb4 44. Kb2 a5 45. Kc2 Kb5 46. Kb2 Kc6 47. Kc1 Kd5 48. Kd1 Ke4 49. Rg3 Kf4 {Black mates.} 50. Rc3 g3 51. Ke2 Kg4 52. Kf1 Kh3 53. Rxc5 Rf4+ 54. Kg1 Rd4 {[%cal Rd4d1]} 55. Rc1 Rd3 56. Rb1 g2 {Precision: White = 31%, Black = 74%.} 0-1

[Event "POL-chT Ekstraliga 2018"]
[Site "Gorzow"]
[Date "2018.06.10"]
[Round "3"]
[White "Flis, Jacek"]
[Black "Jarmula, Lukasz"]
[Result "*"]
[WhiteElo "2242"]
[BlackElo "2499"]
[Annotator "TA"]
[PlyCount "36"]
[EventDate "2018.06.08"]
[EventType "team-tourn"]
[EventCountry "POL"]
[SourceTitle "playchess.com"]
[Source "ChessBase"]
[SourceQuality "1"]

{[%evp 9,10,29,38]} 1. e4 c6 2. d4 d5 3. Nd2 dxe4 4. Nxe4 Nf6 5. Nxf6+ exf6 {LiveBook: 1210 Games} {Predecessor:} 6. c3 $146 Bd6 7. Bd3 O-O 8. Qc2 Re8+ 9. Ne2 g6 10. h4 Nd7 11. h5 Nf8 12. Be3 Be6 13. O-O-O a5 14. Kb1 a4 15. hxg6 fxg6 16. c4 Bf7 17. Nc3 a3 18. b3 f5 {0-1 (29) Saric,I (2669)-Jobava,B (2690) Riadh 2017} *

[Event "POL-chT Ekstraliga 2018"]
[Site "Gorzow"]
[Date "2018.06.10"]
[Round "3"]
[White "Flis, Jacek"]
[Black "Jarmula, Lukasz"]
[Result "0-1"]
[WhiteElo "2242"]
[BlackElo "2499"]
[Annotator "TA"]
[PlyCount "55"]
[EventDate "2018.06.08"]
[EventType "team-tourn"]
[EventCountry "POL"]
[SourceTitle "playchess.com"]
[Source "ChessBase"]
[SourceQuality "1"]

{[%evp 19,55,0,0,0,0,5,18,13,21,22,25,25,32,17,24,-31,-23,-85,-85,-77,-70,-58,-44,-85,-64,-66,-71,-119,-114,-117,-113,-276,-272,-542,-522,-918,-897,-848]} 1. e4 c6 2. d4 d5 3. Nd2 dxe4 4. Nxe4 Nf6 5. Nxf6+ exf6 6. Nf3 Bd6 7. Bd3 O-O 8. O-O Bg4 9. h3 Bh5 {B15: Caro-Kann: 3 Nc3: 3...g6 and 3...dxe4 4 Nxe4 Nf6 5 Nxf6+ exf6} 10. Re1 (10. Be4 Re8 11. Qd3 Bg6 12. Bxg6 hxg6 13. Bd2 Nd7 {½-½ (13) Ghaem Maghami,E (2574)-Berkes,F (2648) Rasht 2017}) 10... Nd7 {LiveBook: 3 Games} 11. Be3 Re8 {The position is equal.} 12. c4 {[%cal Bc2c4,Bc4c5][%mdl 32]} Qc7 13. c5 $146 ({Predecessor:} 13. g4 Bg6 14. Bxg6 hxg6 15. Qd3 Bf4 16. Kg2 Rad8 17. b4 Bxe3 18. Rxe3 Rxe3 19. fxe3 Ne5 20. Qe2 Nxf3 21. Qxf3 Qe7 22. Rb1 Qe6 23. Rc1 {½-½ (23) Rensch,D (2298)-Zaremba,A (2321) Dallas 2002}) 13... Bh2+ 14. Kh1 {[#] And now g4 would win.} Bf4 $1 15. Bxf4 Qxf4 16. Qd2 Qc7 17. g4 (17. Rxe8+ $11 Rxe8 18. Re1 Rxe1+ 19. Nxe1) 17... Bg6 $15 18. Bxg6 (18. Rxe8+ $11 Rxe8 19. Bxg6 hxg6 20. Re1 Rxe1+ 21. Qxe1) 18... hxg6 $17 19. Rxe8+ Rxe8 20. Re1 Qd8 21. b4 Nf8 22. Rxe8 Qxe8 23. Qf4 Qe2 $36 {[%mdl 2048] Black is on the roll.} 24. Kg2 Ne6 25. Qb8+ $2 {[#]} (25. Qd2 $17 {was the only defense.} Qc4 26. h4) 25... Kh7 $19 26. Kg3 $2 (26. Qg3 {was necessary.}) 26... g5 27. h4 {intending hxg5.} Qd3 28. hxg5 {Precision: White = 35%, Black = 81%.} 0-1

[Event "POL-chT Ekstraliga 2018"]
[Site "Gorzow"]
[Date "2018.06.10"]
[Round "3"]
[White "Sliwerski, Radoslaw"]
[Black "Gumularz, Szymon"]
[Result "0-1"]
[WhiteElo "2006"]
[BlackElo "2452"]
[Annotator "TA"]
[PlyCount "68"]
[EventDate "2018.06.08"]
[EventType "team-tourn"]
[EventCountry "POL"]
[SourceTitle "playchess.com"]
[Source "ChessBase"]
[SourceQuality "1"]

{[%evp 14,68,0,0,0,4,2,1,29,14,17,14,21,11,13,0,6,-2,32,-28,45,-28,-12,-12,46,28,33,39,34,0,0,0,0,0,0,0,0,27,25,0,0,0,4,0,0,0,0,0,0,0,17,-767,-764,-758,-728,-682,-653]} 1. d4 g6 2. Nf3 Bg7 3. g3 c5 4. c3 cxd4 5. cxd4 d5 6. Bg2 Nc6 7. Nc3 Bg4 8. O-O Bxf3 $1 {A04: Unusual lines after 1 Nf3 and King's Indian Attack} (8... e6 9. Ne5 Nxe5 10. dxe5 h5 11. h3 Bf5 12. e4 dxe4 13. Qa4+ Qd7 14. Qxd7+ Kxd7 15. Nxe4 Bxe4 16. Bxe4 Bxe5 {½-½ (37) Cvitan,O (2570)-Anand,V (2715) Munich 1994}) 9. Bxf3 e6 10. e3 f5 $146 {The position is equal.} ({Predecessor:} 10... Nf6 11. b3 O-O 12. Ba3 Re8 13. Rc1 Bf8 14. Bxf8 Kxf8 15. Na4 Qd6 16. Be2 {½-½ (24) Piesik,P (2298)-Gumularz,S (2267) Katowice 2016}) 11. Qb3 Qe7 12. Bd2 Nf6 13. Rfc1 O-O 14. Na4 Ne4 15. Be1 Kh8 16. Nc5 (16. Rc2 $14) 16... Rab8 (16... Nxc5 $1 $11 17. Rxc5 Rac8) 17. Qa4 (17. Nd3 $14) 17... e5 {[%cal Re5d4]} 18. Nxb7 Rxb7 ({Black should try} 18... exd4 $11 19. Qxc6 dxe3 20. fxe3 Rxb7) 19. Qxc6 $14 exd4 20. exd4 Rxb2 21. Rab1 Qa3 {[#] Strongly threatening ...Rxb1.} 22. Bxe4 fxe4 23. Qxd5 e3 24. f4 Rxb1 25. Rxb1 Qd3 26. Rb3 Qe2 $1 {[%cal Re2e1]} (26... Qxd4 $6 27. Qxd4 Bxd4 28. Bc3 $16) 27. Rb1 Qd3 $132 {[%mdl 2048] Black is not keeping still} 28. Rb3 Qe2 $1 {[%cal Re2e1]} ({Much worse is} 28... Qxd4 $6 29. Qxd4 Bxd4 30. Bc3 $16) 29. Rb1 Qc2 30. Qb3 Qe4 31. d5 Bd4 {[#] ( -> ...e2+)} 32. Bc3 $2 {[%mdl 8192]} (32. Qb4 $11 e2+ 33. Bf2) 32... e2+ $19 {Black is clearly winning.} 33. Bxd4+ Qxd4+ 34. Kg2 Qd2 {Precision: White = 31%, Black = 60%.} 0-1

[Event "POL-chT Ekstraliga 2018"]
[Site "Gorzow"]
[Date "2018.06.10"]
[Round "3"]
[White "Sliwerski, Radoslaw"]
[Black "Gumularz, Szymon"]
[Result "*"]
[WhiteElo "2006"]
[BlackElo "2452"]
[Annotator "TA"]
[PlyCount "25"]
[EventDate "2018.06.08"]
[EventType "team-tourn"]
[EventCountry "POL"]
[SourceTitle "playchess.com"]
[Source "ChessBase"]
[SourceQuality "1"]

{[%evp 7,7,21]} 1. d4 g6 2. Nf3 Bg7 3. g3 c5 4. c3 {Predecessor:} Qa5 $146 5. Nbd2 cxd4 6. Nb3 Qb6 7. Nbxd4 Nf6 8. Bg2 Nc6 9. O-O O-O 10. Qb3 Qc7 11. Qa4 Rb8 12. Nb5 Qb6 13. c4 {1-0 (37) Duda,J (2724)-Heberla,B (2570) Zgierz 2018} *